000 00582nam a2200229Ia 4500
003 OSt
005 20220923230634.0
006 a|||||r|||| 00| 0
007 ta
008 Pun
024 _a286,308
037 _cTextual
040 _aARTS
_cARTS
_bPun
041 _2Pun
_aPun
082 _aO153,3NKS,JK, K9
100 _aਸਿੰਘ, ਕੇਸਰ
245 0 _aਜ੍ਵਗੀ ਕੈਦੀ
260 _c1969
650 _aਪੰਜਾਬੀ ਸਾਹਿਤ
942 _hO153,3NKS,JK, K9
_cTEXL
_2CC
999 _c386200
_d386200